000
00209 a2200097 4500
001
9644
100
_a
Commins, S
245
_a
The Philosophers of Science
260
_a
_b
Random House
_c
090
_c
7679
_d
7679
942
_a
NUST-CAE
_c
M
_c
34354
999
_c
244717
_d
244717